• 首页
  • 本馆介绍
  • 公告通知
  • 最新文献
  • 馆藏检索
  • 电子资源
  • 读者导购
  • 参考咨询
  • 我的图书馆
  • 登录
  • 详细信息显示
  • 放入我的书架
  • 预约/预借图书
  • 作者相关作品
  • 分类相关作品
  • 丛书相关作品
  • 出版社相关作品

书目信息

  • 表格格式
  • 工作单格式
  • 卡片格式
题名:
世界电影史
    
 
作者: 汤普森 , Thompson , 波德维尔 , Bordwell 著 ;陈旭光 , 何一薇 译
分册:  
出版信息: 北京   北京大学出版社  2004
页数: 20,677页
开本: 23cm
丛书名: 未名译库
单 册:
中图分类: J909.1
科图分类:
主题词: 电影史--世界 , 电影史
电子资源:
ISBN: 7-301-06096-3
000 01314oam2 2200337 450
001 012007979414
005 20070522170100.01
010    @a7-301-06096-3@dCNY68.00
100    @a20070514d2004 km y0chiy0120 ea
101 1  @achi@ceng
102    @aCN@b110000
105    @aa z 001yy
106    @ar
200 1  @a世界电影史@Ashi jie dian ying shi@f(美)克莉丝汀·汤普森(Kriston Thompson),大卫·波德维尔(David Bordwell)著@F(mei)ke li si ting·tang pu sen(Kriston Thompson),da wei·bo de wei er(David Bordwell)zhu@g陈旭光,何一薇译@Gchen xu guang,he yi wei yi
210    @a北京@c北京大学出版社@d2004
215    @a20,677页@c图@d23cm
225 2  @a未名译库@i影视艺术译丛
330    @a全书内容上至电影诞生,下至20世纪80年代,主要从剧情(故事)影片、纪录影片、先锋实验影片三大块来综述百年电影发展史。
462  1 @12001 @a影视艺术译丛
510 1  @aFilm history,an introduction@zeng
606 0  @a电影史@y世界
606 0  @a电影史
690    @aJ909.1@v4
701  1 @c(美)@a汤普森@Atang pu sen@b克莉丝汀@4著
701  1 @c(美)@aThompson@bKristion@4著
701  1 @c(美)@a波德维尔@Abo de wei er@b大卫@4著
701  1 @c(美)@aBordwell@bDavid@4著
702  0 @a陈旭光@Achen xu guang@c(电影艺术)@4译
702  0 @a何一薇@Ahe yi wei@c(电影艺术)@4译
801  0 @aCN@bRULIN@c20070522
905    @dJ909.1@e202@s8
    
    世界电影史/(美)克莉丝汀·汤普森(Kriston Thompson),大卫·波德维尔(David Bordwell)著/陈旭光,何一薇译.-北京:北京大学出版社,2004
    20,677页:图;23cm.-(未名译库.影视艺术译丛)
    
    
    ISBN 7-301-06096-3:CNY68.00
    全书内容上至电影诞生,下至20世纪80年代,主要从剧情(故事)影片、纪录影片、先锋实验影片三大块来综述百年电影发展史。
●
相关链接 在E读中查询图书 在五车中查询图书 在当当中查询图书 在豆瓣中查询图书


正题名:世界电影史     索取号:J909.1/202         预约/预借

序号 登录号 条形码 馆藏地/架位号 状态 备注
1 0575825   205758250   第一样本阅览室/ [索取号:J909.1/202] 在馆    
2 0575826   205758269   第一借阅区/ [索取号:J909.1/202] 在馆    
3 0575827   205758278   第一借阅区/ [索取号:J909.1/202] 在馆    
4 0575828   205758287   第一借阅区/ [索取号:J909.1/202] 在馆    
5 0575829   205758296   第一借阅区/ [索取号:J909.1/202] 在馆    
6 0575830   205758303   第一借阅区/ [索取号:J909.1/202] 在馆    
7 0575831   205758312   第一借阅区/ [索取号:J909.1/202] 在馆    
8 0575832   205758321   第一借阅区/ [索取号:J909.1/202] 在馆    
唐山师范学院图书馆 欢迎您!
大连网信软件有限公司© 版权所有